ბათუმის შოთა რუსთაველის სახელმწიფო უნივერსიტეტის ბიბლიოთეკა

ნინო წერეთელი: პირველი ქართველი მოქანდაკე-110 (ბიბ.ჩანაწერი № 48274)

000 -LEADER
fixed length control field 00796nam a2200205Ia 4500
001 - CONTROL NUMBER
control field 15159
003 - CONTROL NUMBER IDENTIFIER
control field GE_BSU
008 - FIXED-LENGTH DATA ELEMENTS--GENERAL INFORMATION
fixed length control field 181216s||||||||xx |||||||||||||| ||und||
020 ## - INTERNATIONAL STANDARD BOOK NUMBER
International Standard Book Number 9789941450112
040 ## - CATALOGING SOURCE
Transcribing agency GE_BSU
080 ## - UNIVERSAL DECIMAL CLASSIFICATION NUMBER
Universal Decimal Classification number 73(479.22)(092)
245 ## - TITLE STATEMENT
Title ნინო წერეთელი: პირველი ქართველი მოქანდაკე-110
245 ## - TITLE STATEMENT
Statement of responsibility, etc. რედ.ლია მელიქიშვილი, ჯუანშერ ამირანაშვილი
260 ## - PUBLICATION, DISTRIBUTION, ETC.
Place of publication, distribution, etc. თბილისი
260 ## - PUBLICATION, DISTRIBUTION, ETC.
Name of publisher, distributor, etc. მწიგნობარი
260 ## - PUBLICATION, DISTRIBUTION, ETC.
Date of publication, distribution, etc. 2013
300 ## - PHYSICAL DESCRIPTION
Extent 308გვ.ილ.24სმ.
653 ## - INDEX TERM--UNCONTROLLED
Uncontrolled term ნინო წერეთელი: პირველი ქართველი მოქანდაკე-110
942 ## - ADDED ENTRY ELEMENTS (KOHA)
Koha item type წიგნი
ეგზემპლარები
Withdrawn status Lost status Damaged status Not for loan Date acquired Barcode Date last seen Price effective from Koha item type
        2018-12-17 38222 2018-12-17 2018-12-17 წიგნი